Visualizzazione normale
Vista MARC
- Giaccardo , Timoteo
di Personal Name
Records bibliografici associati: 1
001 - CONTROL NUMBER
- control field: 198
003 - CONTROL NUMBER IDENTIFIER
- control field: IT-RoPau
005 - DATE AND TIME OF LATEST TRANSACTION
- control field: 20130119102758.0
008 - FIXED-LENGTH DATA ELEMENTS
- fixed length control field: 130119|| aca||aabn | a|a d
040 ## - CATALOGING SOURCE
- Original cataloging agency: IT-RoPau
- Transcribing agency: IT-RoPau
100 ## - HEADING--PERSONAL NAME
- Personal name: Giaccardo , Timoteo
670 ## - SOURCE DATA FOUND
- Source citation: Work cat.: (IT-RoPau): Giaccardo , Timoteo, Il Venerabile Sac. Timoteo Giaccardo, 1985